The Encyclopaedia of Islam : (Record no. 529086)

000 -LEADER
fixed length control field 02578cam a22005654a 4500
001 - CONTROL NUMBER
control field 14974302
003 - CONTROL NUMBER IDENTIFIER
control field NUST
005 - DATE AND TIME OF LATEST TRANSACTION
control field 20190919130429.0
008 - FIXED-LENGTH DATA ELEMENTS--GENERAL INFORMATION
fixed length control field 070821m20079999ne a b 001 0 eng
010 ## - LIBRARY OF CONGRESS CONTROL NUMBER
LC control number 2007464287
038 ## - RECORD CONTENT LICENSOR
Staff Name MSOHAIL
040 ## - CATALOGING SOURCE
Original cataloging agency DLC
Transcribing agency DLC
Modifying agency DLC
050 00 - LIBRARY OF CONGRESS CALL NUMBER
Classification number DS37
Item number .E524
082 00 - DEWEY DECIMAL CLASSIFICATION NUMBER
Classification number 0
Edition number 23
100 ## - MAIN ENTRY--PERSONAL NAME
Personal name Muhammad Mansoor
9 (RLIN) 20947
245 04 - TITLE STATEMENT
Title The Encyclopaedia of Islam :
246 14 - VARYING FORM OF TITLE
Title proper/short title EI 3
246 3# - VARYING FORM OF TITLE
Title proper/short title Encyclopaedia of Islam
246 3# - VARYING FORM OF TITLE
Title proper/short title Encyclopedia of Islam
260 ## - PUBLICATION, DISTRIBUTION, ETC.
Place of publication, distribution, etc. Lahore ;
-- :
Name of publisher, distributor, etc. 7th Sky Publicaitons,
Date of publication, distribution, etc. 2007-<2019>
300 ## - PHYSICAL DESCRIPTION
Extent v. <768> :
Other physical details illustrations (some color) ;
Dimensions 27 cm.
650 #0 - SUBJECT ADDED ENTRY--TOPICAL TERM
Topical term or geographic name entry element Islamic civilization
Form subdivision Encyclopedias.
9 (RLIN) 20948
650 #0 - SUBJECT ADDED ENTRY--TOPICAL TERM
Topical term or geographic name entry element Islam
Form subdivision Encyclopedias.
9 (RLIN) 20949
651 #0 - SUBJECT ADDED ENTRY--GEOGRAPHIC NAME
Geographic name Islamic countries
Form subdivision Encyclopedias.
9 (RLIN) 20950
700 1# - ADDED ENTRY--PERSONAL NAME
Personal name Muhammad Mansoor
9 (RLIN) 20947
906 ## - LOCAL DATA ELEMENT F, LDF (RLIN)
a 7
b cbc
c orignew
d 2
e ncip
f 20
g y-gencatlg
942 ## - ADDED ENTRY ELEMENTS (KOHA)
Source of classification or shelving scheme
Koha item type Book
Holdings
Withdrawn status Lost status Source of classification or shelving scheme Damaged status Not for loan Permanent Location Current Location Date acquired Total Checkouts Barcode Date last seen Price effective from Koha item type
          School of Civil and Environmental Engineering (SCEE) School of Civil and Environmental Engineering (SCEE) 09/19/2019   NIT-10706 09/19/2019 09/19/2019 Book
© 2023 Central Library, National University of Sciences and Technology. All Rights Reserved.